Bedreigde stad, (Record no. 979)

MARC details
000 -LEADER
fixed length control field 00531cam a22001931 4500
001 - CONTROL NUMBER
control field af 47000840
003 - CONTROL NUMBER IDENTIFIER
control field DLC
005 - DATE AND TIME OF LATEST TRANSACTION
control field 20260227110805.0
008 - FIXED-LENGTH DATA ELEMENTS--GENERAL INFORMATION
fixed length control field 890609s1944 ne 000 1 dut c
010 ## - LIBRARY OF CONGRESS CONTROL NUMBER
LC control number af 47000840
035 ## - SYSTEM CONTROL NUMBER
System control number (OCoLC)19843311
040 ## - CATALOGING SOURCE
Original cataloging agency New York. Public library
Transcribing agency CU
Modifying agency DLC
042 ## - AUTHENTICATION CODE
Authentication code premarc
050 00 - LIBRARY OF CONGRESS CALL NUMBER
Classification number PT5858.M45
Item number B4
100 1# - MAIN ENTRY--PERSONAL NAME
Personal name Meijer, Bertus.
245 10 - TITLE STATEMENT
Title Bedreigde stad,
Statement of responsibility, etc. roman door Bertus Meijer.
260 ## - PUBLICATION, DISTRIBUTION, ETC.
Place of publication, distribution, etc. Amsterdam,
Name of publisher, distributor, etc. N.v. Uitgevers maatschappij ENUM
Date of publication, distribution, etc. [1944]
300 ## - PHYSICAL DESCRIPTION
Extent 300 p.
Dimensions 20 cm.

No items available.

Powered by Koha